000 00553nam a22001817a 4500
003 OSt
005 20151014123813.0
008 130311t xxu||||| |||| 00| 0 eng d
020 _a1412804973
050 _aD 16.8
_b.B326 2006
082 _aIB 901
_bB45 2006
100 _aBerdyaev, Nikolai.
245 _aThe meaning of history /
_cNikolai Berdyaev ; with a new introduction by Maria Nemcova Banerjee
260 _aNew Brunswick, N.J. :
_bTransaction Publishers,
_cc2006.
300 _a xxviii, 224 p. ;
_c23 cm
942 _2lcc
_cBK
999 _c2340
_d2340